000 002680000a22001210004500
001 421
082 0 4 _aR 420 Am351
245 1 0 _aCompaƱeros en el idioma : Guia para los padres
260 _a[S.L.] ASHA
300 _a154 P.
500 _aTexto para padres
942 _cLGB
999 _c47664
_d47664